书目信息 |
| 题名: |
中国风景园林学会2020年会论文集
|
|
| 作者: | 孟兆祯 , 陈重 主编 ;中国风景园林学会 编 | |
| 分册: | 下册 | |
| 出版信息: | 北京 中国建筑工业出版社 2021.04 |
|
| 页数: | 735-1316页 | |
| 开本: | 29cm | |
| 丛书名: | ||
| 单 册: | ||
| 中图分类: | TU986.2-53 | |
| 科图分类: | ||
| 主题词: | 园林设计--yuan lin she ji--中国--文集 | |
| 电子资源: | ||
| ISBN: | 978-7-112-26021-8 | |
| 000 | 01185nam0 2200277 450 | |
| 001 | 202021192344 | |
| 005 | 20220916085340.88 | |
| 010 | @a978-7-112-26021-8@dCNY149.00 | |
| 100 | @a20210922d2021 em y0chiy50 ea | |
| 101 | 0 | @achi@aeng |
| 102 | @aCN@b110000 | |
| 105 | @aak a 000yy | |
| 200 | 1 | @a中国风景园林学会2020年会论文集@Azhong guo feng jing yuan lin xue hui 2020 nian hui lun wen ji@e风景园林·公园城市·健康生活@h下册@f中国风景园林学会编 |
| 210 | @a北京@c中国建筑工业出版社@d2021.04 | |
| 215 | @a735-1316页@c图@d29cm | |
| 314 | @a书内题: 孟兆祯, 陈重主编 | |
| 320 | @a有书目 | |
| 330 | @a本书内容包括: 公园城市理论及实践 ; 城市公共空间与健康生活 ; 城市生物多样性 ; 绿色基础设施 ; 风景园林规划设计 ; 风景名胜区与自然保护地 ; 风景园林植物等。 | |
| 517 | 1 | @a风景园林·公园城市·健康生活@Afeng jing yuan lin · gong yuan cheng shi · jian kang sheng huo |
| 606 | 0 | @a园林设计@Ayuan lin she ji@y中国@j文集 |
| 690 | @aTU986.2-53@v5 | |
| 701 | 0 | @a孟兆祯@Ameng zhao zhen@4主编 |
| 701 | 0 | @a陈重@Achen zhong@4主编 |
| 712 | 02 | @a中国风景园林学会@Azhong guo feng jing yuan lin xue hui@4编 |
| 801 | 0 | @aCN@b河南城建学院图书馆@c20210909 |
| 905 | @dTU986.2-53@eM634:2 | |
| 中国风景园林学会2020年会论文集:风景园林·公园城市·健康生活.下册/中国风景园林学会编.-北京:中国建筑工业出版社,2021.04 |
| 735-1316页:图;29cm |
| ISBN 978-7-112-26021-8:CNY149.00 |
| 本书内容包括: 公园城市理论及实践 ; 城市公共空间与健康生活 ; 城市生物多样性 ; 绿色基础设施 ; 风景园林规划设计 ; 风景名胜区与自然保护地 ; 风景园林植物等。 |
| ● |
| 相关链接 |
|
|
|
正题名:中国风景园林学会2020年会论文集
索取号:TU986.2-53/M634:2
 
预约/预借
| 序号 | 登录号 | 条形码 | 馆藏地/架位号 | 状态 | 备注 |
| 1 | 1503878 | 215038787 | 建筑与城市规划学院资料室/ [索取号:TU986.2-53/M634:2] | 在馆 | |
| 2 | 1541427 | 215414273 | 建筑库201/201建筑库 112排2列5层/ [索取号:TU986.2-53/M634:2] | 在馆 |